Minecraft Blocks : Building blocks (1.21.11) - Statistiques

Statistiques générales
  • Ce quiz a été pris 16 fois
  • Le résultat moyen est 71 sur 436
Statistiques - réponses
Réponse % Correct
Oak Wood
67%
Oak Log
60%
Stone
60%
Birch Log
53%
Birch Wood
53%
Bricks
53%
Cobblestone
53%
Oak Door
53%
Oak Planks
53%
Spruce Door
53%
Spruce Log
53%
Spruce Planks
53%
Spruce Wood
53%
Acacia Log
47%
Acacia Planks
47%
Acacia Wood
47%
Birch Door
47%
Birch Planks
47%
Dark Oak Planks
47%
Jungle Planks
47%
Oak Fence
47%
Oak Fence Gate
47%
Oak Slab
47%
Oak Stairs
47%
Oak Trapdoor
47%
Spruce Fence
47%
Spruce Fence Gate
47%
Spruce Stairs
47%
Spruce Trapdoor
47%
Stripped Oak Log
47%
Acacia Door
40%
Dark Oak Door
40%
Dark Oak Log
40%
Jungle Log
40%
Jungle Wood
40%
Oak Pressure Plate
40%
Spruce Pressure Plate
40%
Spruce Slab
40%
Stripped Birch Log
40%
Stripped Spruce Log
40%
Acacia Fence
33%
Acacia Stairs
33%
Andesite
33%
Birch Fence
33%
Birch Fence Gate
33%
Birch Slab
33%
Birch Stairs
33%
Birch Trapdoor
33%
Dark Oak Wood
33%
Granite
33%
Jungle Door
33%
Jungle Fence
33%
Jungle Fence Gate
33%
Jungle Slab
33%
Jungle Stairs
33%
Oak Button
33%
Pale Oak Planks
33%
Spruce Button
33%
Stone Bricks
33%
Stripped Acacia Log
33%
Stripped Oak Wood
33%
Acacia Fence Gate
27%
Acacia Slab
27%
Acacia Trapdoor
27%
Andesite Slab
27%
Andesite Stairs
27%
Andesite Wall
27%
Birch Button
27%
Birch Pressure Plate
27%
Blackstone
27%
Cherry Door
27%
Cherry Fence
27%
Cherry Fence Gate
27%
Cherry Log
27%
Cherry Planks
27%
Cherry Slab
27%
Cherry Stairs
27%
Cherry Trapdoor
27%
Cherry Wood
27%
Cobblestone Slab
27%
Cobblestone Stairs
27%
Cobblestone Wall
27%
Dark Oak Fence
27%
Dark Oak Fence Gate
27%
Dark Oak Slab
27%
Dark Oak Stairs
27%
Dark Oak Trapdoor
27%
Diorite
27%
Diorite Slab
27%
Diorite Stairs
27%
Diorite Wall
27%
Granite Slab
27%
Granite Stairs
27%
Granite Wall
27%
Jungle Button
27%
Jungle Pressure Plate
27%
Jungle Trapdoor
27%
Mangrove Door
27%
Mangrove Fence
27%
Mangrove Fence Gate
27%
Mangrove Log
27%
Mangrove Planks
27%
Mangrove Slab
27%
Mangrove Stairs
27%
Mangrove Trapdoor
27%
Mangrove Wood
27%
Nether Bricks
27%
Pale Oak Door
27%
Pale Oak Fence
27%
Pale Oak Fence Gate
27%
Pale Oak Log
27%
Pale Oak Slab
27%
Pale Oak Stairs
27%
Pale Oak Trapdoor
27%
Pale Oak Wood
27%
Polished Andesite
27%
Polished Andesite Slab
27%
Polished Andesite Stairs
27%
Polished Diorite
27%
Polished Diorite Slab
27%
Polished Diorite Stairs
27%
Polished Granite
27%
Polished Granite Slab
27%
Polished Granite Stairs
27%
Prismarine
27%
Smooth Stone
27%
Stone Slab
27%
Stone Stairs
27%
Stripped Birch Wood
27%
Stripped Dark Oak Log
27%
Stripped Jungle Log
27%
Stripped Spruce Wood
27%
Tuff
27%
Acacia Button
20%
Acacia Pressure Plate
20%
Bamboo Button
20%
Bamboo Door
20%
Bamboo Fence
20%
Bamboo Fence Gate
20%
Bamboo Planks
20%
Bamboo Slab
20%
Bamboo Stairs
20%
Bamboo Trapdoor
20%
Basalt
20%
Blackstone Slab
20%
Blackstone Stairs
20%
Blackstone Wall
20%
Cherry Button
20%
Cherry Pressure Plate
20%
Crimson Door
20%
Crimson Fence
20%
Crimson Planks
20%
Crimson Slab
20%
Crimson Stairs
20%
Dark Oak Button
20%
Dark Oak Pressure Plate
20%
Deepslate
20%
End Stone
20%
End Stone Bricks
20%
Mangrove Button
20%
Mangrove Pressure Plate
20%
Mossy Cobblestone
20%
Netherrack
20%
Pale Oak Button
20%
Pale Oak Pressure Plate
20%
Quartz Pillar
20%
Red Sandstone
20%
Sandstone
20%
Sandstone Slab
20%
Sandstone Stairs
20%
Sandstone Wall
20%
Smooth Basalt
20%
Smooth Stone Slab
20%
Stripped Cherry Log
20%
Stripped Jungle Wood
20%
Stripped Mangrove Log
20%
Stripped Pale Oak Log
20%
Tuff Slab
20%
Tuff Stairs
20%
Tuff Wall
20%
Warped Door
20%
Warped Planks
20%
Bamboo Pressure Plate
13%
Block Of Iron
13%
Brick Slab
13%
Brick Stairs
13%
Brick Wall
13%
Cobbled Deepslate
13%
Cracked Stone Bricks
13%
Crimson Button
13%
Crimson Fence Gate
13%
Crimson Trapdoor
13%
Dark Prismarine
13%
End Stone Brick Slab
13%
End Stone Brick Stairs
13%
End Stone Brick Wall
13%
Iron Bars
13%
Mossy Cobblestone Slab
13%
Mossy Cobblestone Stairs
13%
Mossy Cobblestone Wall
13%
Mossy Stone Bricks
13%
Nether Brick Fence
13%
Nether Brick Slab
13%
Nether Brick Stairs
13%
Nether Brick Wall
13%
Polished Blackstone
13%
Polished Blackstone Slab
13%
Polished Blackstone Stairs
13%
Polished Blackstone Wall
13%
Polished Deepslate
13%
Polished Deepslate Slab
13%
Polished Deepslate Stairs
13%
Polished Deepslate Wall
13%
Polished Tuff
13%
Polished Tuff Slab
13%
Polished Tuff Stairs
13%
Polished Tuff Wall
13%
Prismarine Slab
13%
Prismarine Stairs
13%
Prismarine Wall
13%
Purpur Block
13%
Purpur Pillar
13%
Red Nether Bricks
13%
Red Sandstone Slab
13%
Red Sandstone Stairs
13%
Red Sandstone Wall
13%
Smooth Quartz Block
13%
Smooth Sandstone
13%
Smooth Sandstone Slab
13%
Smooth Sandstone Stairs
13%
Stone Brick Slab
13%
Stone Brick Stairs
13%
Stone Brick Wall
13%
Stone Button
13%
Stone Pressure Plate
13%
Stripped Cherry Wood
13%
Stripped Dark Oak Wood
13%
Stripped Mangrove Wood
13%
Stripped Pale Oak Wood
13%
Warped Button
13%
Warped Fence
13%
Warped Fence Gate
13%
Warped Slab
13%
Warped Stairs
13%
Warped Trapdoor
13%
Bamboo Mosaic
7%
Bamboo Mosaic Slab
7%
Bamboo Mosaic Stairs
7%
Block Of Bamboo
7%
Block Of Copper
7%
Block Of Diamond
7%
Block Of Emerald
7%
Block Of Gold
7%
Block Of Lapis Lazuli
7%
Block Of Netherite
7%
Block Of Quartz
7%
Block Of Redstone
7%
Chiseled Copper
7%
Chiseled Deepslate
7%
Chiseled Quartz Block
7%
Chiseled Red Sandstone
7%
Chiseled Sandstone
7%
Chiseled Stone Bricks
7%
Chiseled Tuff
7%
Cobbled Deepslate Slab
7%
Cobbled Deepslate Stairs
7%
Cobbled Deepslate Wall
7%
Copper Grate
7%
Copper Trapdoor
7%
Cracked Deepslate Bricks
7%
Cracked Nether Bricks
7%
Crimson Stem
7%
Cut Copper
7%
Cut Copper Slab
7%
Cut Copper Stairs
7%
Cut Red Sandstone
7%
Cut Red Sandstone Slab
7%
Cut Sandstone
7%
Cut Sandstone Slab
7%
Dark Prismarine Slab
7%
Dark Prismarine Stairs
7%
Deepslate Bricks
7%
Deepslate Brick Slab
7%
Deepslate Brick Stairs
7%
Deepslate Brick Wall
7%
Deepslate Tiles
7%
Deepslate Tile Slab
7%
Deepslate Tile Stairs
7%
Deepslate Tile Wall
7%
Gilded Blackstone
7%
Iron Chain
7%
Iron Door
7%
Iron Trapdoor
7%
Mossy Stone Brick Slab
7%
Mossy Stone Brick Stairs
7%
Mossy Stone Brick Wall
7%
Polished Basalt
7%
Polished Blackstone Bricks
7%
Polished Blackstone Brick Slab
7%
Polished Blackstone Brick Stairs
7%
Polished Blackstone Brick Wall
7%
Polished Blackstone Pressure Plate
7%
Prismarine Bricks
7%
Prismarine Brick Stairs
7%
Prismarine Brick Wall
7%
Purpur Stairs
7%
Quartz Bricks
7%
Quartz Slab
7%
Quartz Stairs
7%
Red Nether Brick Slab
7%
Red Nether Brick Stairs
7%
Red Nether Brick Wall
7%
Resin Bricks
7%
Resin Brick Slab
7%
Resin Brick Stairs
7%
Resin Brick Wall
7%
Sea Lantern
7%
Smooth Quartz Slab
7%
Smooth Quartz Stairs
7%
Smooth Red Sandstone
7%
Smooth Red Sandstone Slab
7%
Smooth Red Sandstone Stairs
7%
Stripped Crimson Stem
7%
Stripped Warped Stem
7%
Tuff Bricks
7%
Tuff Brick Slab
7%
Tuff Brick Stairs
7%
Tuff Brick Wall
7%
Warped Pressure Plate
7%
Warped Stem
7%
Waxed Block Of Copper
7%
Waxed Copper Grate
7%
Waxed Copper Trapdoor
7%
Waxed Cut Copper
7%
Waxed Cut Copper Slab
7%
Waxed Cut Copper Stairs
7%
Waxed Weathered Copper
7%
Waxed Weathered Copper Chain
7%
Waxed Weathered Copper Door
7%
Waxed Weathered Copper Grate
7%
Waxed Weathered Copper Trapdoor
7%
Waxed Weathered Cut Copper
7%
Waxed Weathered Cut Copper Slab
7%
Waxed Weathered Cut Copper Stairs
7%
Weathered Copper
7%
Weathered Copper Door
7%
Weathered Copper Trapdoor
7%
Weathered Cut Copper
7%
Weathered Cut Copper Slab
7%
Weathered Cut Copper Stairs
7%
Block Of Amethyst
0%
Block Of Coal
0%
Block Of Stripped Bamboo
0%
Chiseled Nether Bricks
0%
Chiseled Polished Blackstone
0%
Chiseled Resin Bricks
0%
Chiseled Tuff Bricks
0%
Copper Bars
0%
Copper Bulb
0%
Copper Chain
0%
Copper Door
0%
Cracked Deepslate Tiles
0%
Cracked Polished Blackstone Bricks
0%
Crimson Hyphae
0%
Crimson Pressue Plate
0%
Exposed Chiseled Copper
0%
Exposed Copper
0%
Exposed Copper Bars
0%
Exposed Copper Bulb
0%
Exposed Copper Chain
0%
Exposed Copper Door
0%
Exposed Copper Grate
0%
Exposed Copper Trapdoor
0%
Exposed Cut Copper
0%
Exposed Cut Copper Slab
0%
Exposed Cut Copper Stairs
0%
Heavy Weighted Pressure Plate
0%
Light Weighted Pressure Plate
0%
Oxidized Chiseled Copper
0%
Oxidized Copper
0%
Oxidized Copper Bars
0%
Oxidized Copper Bulb
0%
Oxidized Copper Chain
0%
Oxidized Copper Door
0%
Oxidized Copper Grate
0%
Oxidized Copper Trapdoor
0%
Oxidized Cut Copper
0%
Oxidized Cut Copper Slab
0%
Oxidized Cut Copper Stairs
0%
Packed Mud
0%
Packed Mud Bricks
0%
Packed Mud Slab
0%
Packed Mud Stairs
0%
Packed Mud Wall
0%
Polished Blackstone Button
0%
Purpur Slab
0%
Reinforced Deepslate
0%
Stripped Acatia Wood
0%
Stripped Crimson Hyphae
0%
Stripped Warped Hyphae
0%
Warped Hyphae
0%
Waxed Chiseled Copper
0%
Waxed Copper Bars
0%
Waxed Copper Bulb
0%
Waxed Copper Chain
0%
Waxed Copper Door
0%
Waxed Exposed Chiseled Copper
0%
Waxed Exposed Copper
0%
Waxed Exposed Copper Bars
0%
Waxed Exposed Copper Bulb
0%
Waxed Exposed Copper Chain
0%
Waxed Exposed Copper Door
0%
Waxed Exposed Copper Grate
0%
Waxed Exposed Copper Trapdoor
0%
Waxed Exposed Cut Copper
0%
Waxed Exposed Cut Copper Slab
0%
Waxed Exposed Cut Copper Stairs
0%
Waxed Oxidized Chiseled Copper
0%
Waxed Oxidized Copper
0%
Waxed Oxidized Copper Bars
0%
Waxed Oxidized Copper Bulb
0%
Waxed Oxidized Copper Chain
0%
Waxed Oxidized Copper Door
0%
Waxed Oxidized Copper Grate
0%
Waxed Oxidized Copper Trapdoor
0%
Waxed Oxidized Cut Copper
0%
Waxed Oxidized Cut Copper Slab
0%
Waxed Oxidized Cut Copper Stairs
0%
Waxed Weathered Chiseled Copper
0%
Waxed Weathered Copper Bars
0%
Waxed Weathered Copper Bulb
0%
Weathered Chiseled Copper
0%
Weathered Copper Bars
0%
Weathered Copper Bulb
0%
Weathered Copper Chain
0%
Weathered Copper Grate
0%
Aucun quiz correspondant
Distribution des résultats
% des personnes avec chaque résultat
Percentile par nombre de réponses
Votre historique - résultats
Vous n’avez pas pris ce quiz